| 000 | 00705nam a2200217 a 4500 | ||
|---|---|---|---|
| 005 | 20230518063826.0 | ||
| 008 | 030325s2001 mx r 000 0 spa d | ||
| 020 | _a8478842322 | ||
| 035 | _aUPN01000123221 | ||
| 049 | _aCG | ||
| 050 | 4 |
_aBF109 P5 _bE7.78 |
|
| 245 | 0 | 3 |
_aEl espíritu Piaget : _bhomenaje internacional a Jean Piaget / _cdir. de Olivier Houdé ; tr. Gabriel Insausti. |
| 260 |
_aMadrid : _bPopular, _c[2001]. |
||
| 300 | _a251 p. | ||
| 440 | 0 | _aProa | |
| 534 |
_pTraducción de: _tL'esoirit Piagétien : hommage international a Jean Piaget |
||
| 600 | 1 | 4 |
_aPIAGET, JEAN, _d1896-1980 |
| 650 | 4 |
_aPsicología educativa _95197 |
|
| 700 | 1 |
_aHoudé, Olivier, _edir. _933985 |
|
| 905 | _aLibro | ||
| 999 |
_c95402 _d95402 |
||